| 000 | 00682nam a22002057a 4500 | ||
|---|---|---|---|
| 003 | OSt | ||
| 005 | 20260129053255.0 | ||
| 008 | 260129b |||||||| |||| 00| 0 eng d | ||
| 020 | _a971-550-386-1. | ||
| 040 |
_aDWC-Main Lib. _cOC |
||
| 082 | _aFil. 359.9026 R538 2001 | ||
| 100 | _aRodao, Florentino | ||
| 245 |
_aThe philippine revolution of 1896: _bordinary lives in extraordinary times/ _cFlorentino Rodao |
||
| 260 |
_aPhilippines: _bAteneo De Manila University Press, _cc2001. |
||
| 300 |
_axx, 316 p. ; _c23 cm. |
||
| 500 | _aIncludes index. | ||
| 650 | _a1. Philippines-History-Revolution, 1986. | ||
| 700 | _aRodriguez, Felice N. | ||
| 942 |
_2ddc _cBK - FIL _hFil. _n0 |
||
| 999 |
_c7969 _d7969 |
||